Chaudri's compilation of the civil service regulations (Record no. 362266)

000 -LEADER
fixed length control field 00461cam a22001457a 4500
008 - FIXED-LENGTH DATA ELEMENTS--GENERAL INFORMATION
fixed length control field 180718b1960 xxu||||| |||| 00| 0 eng d
082 ## - DEWEY DECIMAL CLASSIFICATION NUMBER
Classification number B1203x54 C393/1 1/60
100 ## - MAIN ENTRY--PERSONAL NAME
Personal name Chaudhari, Lakhi Singh
245 ## - TITLE STATEMENT
Title Chaudri's compilation of the civil service regulations
Statement of responsibility, etc. by Lakhi Singh Chaudhari
250 ## - EDITION STATEMENT
Edition statement 4th ed.
260 ## - PUBLICATION, DISTRIBUTION, ETC.
Place of publication, distribution, etc. Hoshiarpur
Name of publisher, distributor, etc. S. Lakhi Singh Chaudri
Date of publication, distribution, etc. 1960
300 ## - PHYSICAL DESCRIPTION
Extent 624p.
500 ## - GENERAL NOTE
General note Rs.7.00
650 ## - SUBJECT ADDED ENTRY--TOPICAL TERM
Topical term or geographic name entry element Civil Service - India - Legislation
Holdings
Withdrawn status Lost status Damaged status Not for loan Permanent Location Current Location Date acquired Full call number Barcode Date last seen Price effective from Koha item type
        Indian Institute of Public Administration Indian Institute of Public Administration 1994-03-22 B1203x54 C393/1 1/60 24629 2018-07-21 2018-07-21 Book

Powered by Koha